|
|
|
|
| LEADER |
01159naa a2200241 i 4500 |
| 001 |
acta45847 |
| 005 |
20230607152528.0 |
| 008 |
170621s1977 hu o 1|| hun d |
| 040 |
|
|
|a SZTE Egyetemi Kiadványok Repozitórium
|b hun
|
| 041 |
|
|
|a hun
|
| 100 |
1 |
|
|a Pártos Oszkár
|
| 245 |
1 |
0 |
|a Újabb eredmények a szív feletti hallgatódzás hagyományos areáinak vizsgálatával kapcsolatban
|h [elektronikus dokumentum] /
|c Pártos Oszkár
|
| 260 |
|
|
|c 1977
|
| 300 |
|
|
|a 407-42
|
| 490 |
0 |
|
|a Számítástechnikai és kibernetikai módszerek alkalmazása az orvostudományban és a biológiában
|v 7
|
| 650 |
|
4 |
|a Természettudományok
|
| 650 |
|
4 |
|a Számítás- és információtudomány
|
| 650 |
|
4 |
|a Orvos- és egészségtudomány
|
| 650 |
|
4 |
|a Klinikai orvostan
|
| 695 |
|
|
|a Fonokardiográfia, Diagnosztika - orvosi, Számítógép alkalmazása - orvostudomány
|
| 700 |
0 |
1 |
|a Bolyky János
|e aut
|
| 711 |
|
|
|a Számítástechnikai és kibernetikai módszerek alkalmazása az orvostudományban és a biológiában
|c Szeged
|d 1976. november 29. - december 1.
|
| 856 |
4 |
0 |
|u http://acta.bibl.u-szeged.hu/45847/1/szamtech_orvost_koll_007_407-042.pdf
|z Dokumentum-elérés
|